[Event "44th Biel Chess Festival"]
[Site "Biel SUI"]
[Date "2011.07.20"]
[Round "3"]
[White "Morozevich, Alexander"]
[Black "Carlsen, Magnus"]
[Result "1/2-1/2"]
[WhiteElo "2694"]
[BlackElo "2821"]
[PlyCount "104"]
[EventDate "2011.07.18"]

1. d4 Nf6 2. c4 g6 3. Nc3 d5 4. Bg5 Ne4 5. Nxe4 dxe4 6. Qd2 Bg7 7. e3 c5 8. d5
Nd7 9. Ne2 Ne5 10. Nc3 f5 11. Be2 Nf7 12. Bh4 O-O 13. f3 exf3 14. gxf3 Qd6 15.
Bg3 e5 16. O-O-O Bd7 17. Kb1 a6 18. e4 f4 19. Bf2 Rab8 20. h4 b5 21. Rc1 Rfc8
22. Ka1 Bf8 23. Nd1 a5 24. cxb5 Bxb5 25. Bxb5 Rxb5 26. Nc3 Rb4 27. Rc2 c4 28.
Rhc1 a4 29. a3 Rb3 30. Qe2 Qa6 31. Nb1 Nd6 32. Nd2 Nb5 33. d6 Nxd6 34. Qf1 Rb7
35. Qh3 Re8 36. h5 g5 37. Bc5 Rc7 38. Bxd6 Qxd6 39. Rxc4 Rxc4 40. Nxc4 Qe6 41.
Qg2 Be7 42. Nd2 Kg7 43. Nb1 Kh6 44. Rc7 Rc8 45. Rxc8 Qxc8 46. Qg4 Qc4 47. Qf5
Bc5 48. Qxe5 Bd4 49. Qd6+ Kxh5 50. Qd7 Kg6 51. Qf5+ Kh6 52. Qh3+ Kg7 1/2-1/2

[Event "44th Biel Chess Festival"]
[Site "Biel SUI"]
[Date "2011.07.20"]
[Round "3"]
[White "Pelletier, Yannick"]
[Black "Vachier-Lagrave, Maxime"]
[Result "1/2-1/2"]
[WhiteElo "2590"]
[BlackElo "2722"]
[PlyCount "68"]
[EventDate "2011.07.18"]

1. d4 Nf6 2. c4 g6 3. Nc3 Bg7 4. e4 d6 5. Nf3 O-O 6. Be2 e5 7. Be3 Nbd7 8. O-O
Qe7 9. Qc2 exd4 10. Nxd4 Re8 11. f3 Ne5 12. Rad1 Be6 13. Nd5 Bxd5 14. cxd5 Rac8
15. Rfe1 Nxd5 16. exd5 Ng4 17. Bb5 Nxe3 18. Bxe8 Rxe8 19. Qd2 Bh6 20. Nc2 f5
21. Qd3 f4 22. Nxe3 fxe3 23. Re2 Rf8 24. Qb3 Qe5 25. Rc1 Bf4 26. g3 Bxg3 27.
hxg3 Rxf3 28. Rg2 Rxg3 29. Qc3 Qf4 30. Rxg3 Qxg3+ 31. Kh1 Qh3+ 32. Kg1 Qg3+ 33.
Kh1 Qh4+ 34. Kg1 Qg3+ 1/2-1/2

[Event "World Team Championship"]
[Site "Ningbo CHN"]
[Date "2011.07.21"]
[Round "5"]
[White "Adly, Ahmed"]
[Black "Grischuk, Alexander"]
[Result "0-1"]
[WhiteElo "2631"]
[BlackElo "2746"]
[PlyCount "78"]
[EventDate "2011.07.17"]

1. d4 Nf6 2. c4 c5 3. d5 e6 4. Nc3 exd5 5. cxd5 d6 6. e4 g6 7. f4 Bg7 8. Nf3
O-O 9. Be2 Bg4 10. O-O Nbd7 11. h3 Bxf3 12. Bxf3 a6 13. a4 Rb8 14. a5 Ne8 15.
Qd3 Nc7 16. Bd2 b5 17. axb6 Nxb6 18. Be3 Nd7 19. Rf2 Re8 20. e5 dxe5 21. f5 c4
22. Qxc4 gxf5 23. d6 Ne6 24. Nd5 Kh8 25. Ne7 e4 26. Bh5 f4 27. Bxf4 Nxf4 28.
Rxf4 Qb6+ 29. Kh1 Qxd6 30. Rxe4 Rxe7 31. Rxe7 Qxe7 32. Qc7 Qc5 33. Qxc5 Nxc5
34. Bxf7 Bxb2 35. Ra2 Bc3 36. g4 a5 37. Kg2 Kg7 38. Bc4 a4 39. Kf3 Bb2 0-1

[Event "World Team Championship"]
[Site "Ningbo CHN"]
[Date "2011.07.21"]
[Round "5"]
[White "Nepomniachtchi, Ian"]
[Black "Amin, Bassem"]
[Result "1-0"]
[WhiteElo "2711"]
[BlackElo "2609"]
[PlyCount "91"]
[EventDate "2011.07.17"]

1. d4 Nf6 2. c4 e6 3. Nc3 Bb4 4. Qc2 O-O 5. a3 Bxc3+ 6. Qxc3 d5 7. Bg5 dxc4 8.
Qxc4 b6 9. Rd1 Ba6 10. Qa4 Qd7 11. Qc2 Qc6 12. Qxc6 Nxc6 13. Bxf6 gxf6 14. Nf3
Rfd8 15. e3 Bxf1 16. Rxf1 Na5 17. Ke2 Rac8 18. Rd2 Kf8 19. Rb1 Ke8 20. Rc2 Nb7
21. Rbc1 Kd7 22. b4 a5 23. g4 axb4 24. axb4 h6 25. h4 Rf8 26. g5 hxg5 27. hxg5
fxg5 28. Ne5+ Kd8 29. Nc6+ Kd7 30. Na7 Nd6 31. Kd3 g4 32. e4 Rh8 33. Ke3 Rh3+
34. Kf4 Rch8 35. Rxc7+ Kd8 36. Ke5 Ne8 37. Rxf7 R8h5+ 38. Kxe6 Rh6+ 39. Ke5
R6h5+ 40. Rf5 Rxf5+ 41. Kxf5 Rf3+ 42. Kxg4 Rxf2 43. Kg3 Rb2 44. Nc6+ Kd7 45.
Ne5+ Kd8 46. Kf4 1-0

[Event "World Team Championship"]
[Site "Ningbo CHN"]
[Date "2011.07.21"]
[Round "5"]
[White "Shoker, Samy"]
[Black "Svidler, Peter"]
[Result "1/2-1/2"]
[WhiteElo "2475"]
[BlackElo "2739"]
[PlyCount "60"]
[EventDate "2011.07.17"]

1. g3 d5 2. Bg2 Nf6 3. c4 d4 4. Nf3 g6 5. e3 Nc6 6. O-O Bg7 7. exd4 Nxd4 8.
Nxd4 Qxd4 9. d3 c6 10. Nc3 Bf5 11. Qb3 Qd7 12. Ne4 Nxe4 13. dxe4 Bg4 14. Be3
O-O 15. a4 Rfd8 16. h3 Be6 17. a5 Qc7 18. Rfd1 Rxd1+ 19. Rxd1 b5 20. axb6 axb6
21. Qxb6 Qxb6 22. Bxb6 Bxc4 23. b4 e5 24. Rc1 Bb5 25. Bf1 Bxf1 26. Kxf1 Bf8 27.
Rxc6 Bxb4 28. Rc4 Be7 29. Kg2 h5 30. h4 f6 1/2-1/2

[Event "World Team Championship"]
[Site "Ningbo CHN"]
[Date "2011.07.21"]
[Round "5"]
[White "Vitiugov, Nikita"]
[Black "Ezat, Mohamed"]
[Result "1/2-1/2"]
[WhiteElo "2733"]
[BlackElo "2430"]
[PlyCount "316"]
[EventDate "2011.07.17"]

1. d4 Nf6 2. c4 g6 3. f3 Bg7 4. e4 d6 5. Ne2 O-O 6. Be3 Nc6 7. Qd2 a6 8. Na3
Rb8 9. Rd1 Re8 10. Nc2 b5 11. cxb5 axb5 12. b4 e6 13. Nc3 Bd7 14. Be2 Ne7 15.
O-O c6 16. Bg5 Qc7 17. a3 Nc8 18. f4 Rf8 19. Bh4 Ne8 20. Kh1 f6 21. Ne3 Ra8 22.
Qc1 Qa7 23. Nc2 Nb6 24. Bf2 Qb7 25. Bd3 f5 26. e5 d5 27. Na1 Nc4 28. Nb3 Qc8
29. a4 bxa4 30. Nc5 a3 31. Bxc4 dxc4 32. N3a4 Rb8 33. Qxa3 Nc7 34. Rc1 Nd5 35.
Be1 Ra8 36. Qf3 Bh6 37. Qg3 Rf7 38. Bd2 Be8 39. Nb2 c3 40. Bxc3 Rfa7 41. Nc4
Bf7 42. Bd2 Bf8 43. Na5 Rb8 44. Rb1 Be8 45. Rfc1 Rb5 46. Nc4 Ra2 47. Qb3 Qa8
48. Rb2 Ra1 49. Rxa1 Qxa1+ 50. Rb1 Qxd4 51. Nxe6 Qf2 52. Qd3 Bxb4 53. Nd4 Rb8
54. Rf1 Qh4 55. Bxb4 Rxb4 56. Nd6 Nxf4 57. Qd2 Nd5 58. N4xf5 gxf5 59. Nxe8 Rf4
60. Nf6+ Kf7 61. Rg1 Qf2 62. Qd1 Nxf6 63. exf6 Kxf6 64. Qd6+ Kf7 65. Qd7+ Kg8
66. h3 Re4 67. Qxc6 Kf7 68. Qd5+ Kg7 69. Qd1 Re2 70. Qd3 Kg6 71. Qc3 Kf7 72.
Qc7+ Kg6 73. Qc1 Kf7 74. Qh6 Kg8 75. Qg5+ Kf7 76. Kh2 Re6 77. Rd1 Qc5 78. Kh1
Qe5 79. Rd7+ Re7 80. Rxe7+ Qxe7 81. Qxf5+ Kg7 82. Qg4+ Kf7 83. Kh2 Qc7+ 84. Qg3
Qc1 85. Qe5 Qa3 86. Qf4+ Kg6 87. Qg4+ Kh6 88. Qh4+ Kg6 89. Qf4 Qc3 90. Qd6+ Kf7
91. Qg3 Qd2 92. Qf3+ Kg7 93. Kg3 Qe1+ 94. Kg4 Qe6+ 95. Qf5 Qe2+ 96. Kg3 Qe1+
97. Kh2 Qd2 98. Qe5+ Kg6 99. Qe4+ Kg7 100. Kg3 Qc3+ 101. Kg4 Qc5 102. Qf5 Qd4+
103. Kh5 Qd6 104. Qg4+ Kh8 105. Qg5 Qd4 106. Qf5 Qd6 107. Qe4 Kg7 108. Qg4+ Kh8
109. Qg5 Qd4 110. g3 Qd1+ 111. g4 Qd6 112. Qe3 Qg6+ 113. Kh4 Qf6+ 114. Kg3 Qd6+
115. Qf4 Qa3+ 116. Kh4 Qe7+ 117. Kh5 Qe8+ 118. Kg5 Qg6+ 119. Kh4 Qe8 120. Qd4+
Kg8 121. Qf6 Qe2 122. Kh5 Qd3 123. h4 Qe4 124. Qg5+ Kh8 125. Qf5 Qe8+ 126. Kg5
Qg8+ 127. Kh5 Qe8+ 128. Kh6 Qe6+ 129. Kg5 Qg8+ 130. Kf4 Qc4+ 131. Qe4 Qf1+ 132.
Kg5 Qc1+ 133. Kf5 Qf1+ 134. Ke6 Qa6+ 135. Kf7 Qa7+ 136. Qe7 Qa2+ 137. Qe6 Qa7+
138. Kf6 Qf2+ 139. Qf5 Qb6+ 140. Ke7 Qa7+ 141. Qd7 Qe3+ 142. Kd8 Qb6+ 143. Ke8
Qe3+ 144. Qe7 Qxe7+ 145. Kxe7 Kg7 146. Ke6 Kg6 147. Ke5 Kg7 148. Kf5 Kf7 149.
Ke5 Ke7 150. g5 Kf7 151. Kf5 Kg7 152. Kg4 h6 153. Kf5 hxg5 154. hxg5 Kf7 155.
g6+ Kg7 156. Kg5 Kg8 157. Kf6 Kf8 158. g7+ Kg8 1/2-1/2

[Event "World Team Championship"]
[Site "Ningbo CHN"]
[Date "2011.07.21"]
[Round "5"]
[White "Movsesian, Sergei"]
[Black "Wang Yue"]
[Result "1/2-1/2"]
[WhiteElo "2700"]
[BlackElo "2709"]
[PlyCount "82"]
[EventDate "2011.07.17"]

1. e4 e5 2. Bc4 Nf6 3. d3 Nc6 4. Nf3 Bc5 5. c3 Bb6 6. b4 d6 7. a4 a5 8. b5 Ne7
9. O-O Ng6 10. Nbd2 O-O 11. Ba2 c6 12. Re1 d5 13. h3 Re8 14. Nf1 h6 15. Qc2 Be6
16. Rb1 Bc7 17. c4 Bd6 18. cxd5 cxd5 19. Bd2 Rc8 20. Qb2 Bc5 21. Ng3 Qb6 22.
Rf1 Nf4 23. d4 Bxd4 24. Nxd4 Nd3 25. Qa3 Qxd4 26. Be3 Rc3 27. Qd6 Qxa4 28. Bxd5
Bxd5 29. exd5 Qa3 30. Qxa3 Rxa3 31. d6 Rd8 32. Rfd1 Kh7 33. Nf5 Nd5 34. Bc1
Nxc1 35. Rbxc1 Nc3 36. Rd2 g6 37. Ne3 Nxb5 38. Nc4 Rc3 39. Rxc3 Nxc3 40. Nxa5
Ne4 41. Nxb7 Rd7 1/2-1/2

[Event "World Team Championship"]
[Site "Ningbo CHN"]
[Date "2011.07.21"]
[Round "5"]
[White "Harikrishna, Pentala"]
[Black "Kamsky, Gata"]
[Result "1/2-1/2"]
[WhiteElo "2669"]
[BlackElo "2741"]
[PlyCount "71"]
[EventDate "2011.07.17"]

1. d4 d5 2. c4 c6 3. Nf3 Nf6 4. Nc3 a6 5. e3 g6 6. Be2 Bg7 7. O-O O-O 8. a4 a5
9. cxd5 cxd5 10. Qb3 Nc6 11. Bd2 Qd6 12. Rfc1 Rd8 13. h3 Qb8 14. Bb5 Qd6 15.
Qa3 Qxa3 16. Rxa3 Bd7 17. Rb3 e6 18. Be2 Nb4 19. Ne5 Be8 20. Nb5 Ne4 21. Bxb4
axb4 22. Rxb4 Bf8 23. Rb3 Rxa4 24. Nc3 Rb4 25. Rxb4 Bxb4 26. Nxe4 dxe4 27. Rc7
Rb8 28. Nd7 Bxd7 29. Rxd7 Rc8 30. Rxb7 Rc1+ 31. Bf1 Be1 32. Be2 Bb4+ 33. Bf1
Be1 34. Be2 Bb4+ 35. Bf1 Be1 36. Be2 1/2-1/2

[Event "World Team Championship"]
[Site "Ningbo CHN"]
[Date "2011.07.21"]
[Round "5"]
[White "Leko, Peter"]
[Black "Roiz, Michael"]
[Result "1-0"]
[WhiteElo "2717"]
[BlackElo "2669"]
[PlyCount "59"]
[EventDate "2011.07.17"]

1. e4 c6 2. d4 d5 3. e5 Bf5 4. Nf3 e6 5. Be2 Ne7 6. O-O c5 7. c4 Nbc6 8. Na3 a6
9. dxc5 d4 10. Qa4 Ng6 11. Rd1 Bxc5 12. b4 Ba7 13. c5 O-O 14. Nc4 Be4 15. Be3
d3 16. Ne1 Qd5 17. Nd6 Ngxe5 18. Nxe4 Qxe4 19. Nxd3 Nxd3 20. Bxd3 Qxb4 21. Qc2
Qh4 22. g3 Qh5 23. Rab1 Rab8 24. Be2 Qe5 25. Rd7 Rfd8 26. Rxd8+ Rxd8 27. Rxb7
Rb8 28. Bxa6 Nb4 29. Qa4 Nd5 30. Qd4 1-0

[Event "World Team Championship"]
[Site "Ningbo CHN"]
[Date "2011.07.21"]
[Round "5"]
[White "Smirin, Ilya"]
[Black "Almasi, Zoltan"]
[Result "1/2-1/2"]
[WhiteElo "2676"]
[BlackElo "2726"]
[PlyCount "59"]
[EventDate "2011.07.17"]

1. e4 e5 2. Nf3 Nc6 3. Bb5 a6 4. Ba4 Nf6 5. O-O Be7 6. Qe2 b5 7. Bb3 O-O 8. c3
d6 9. d4 Bg4 10. Rd1 Qc8 11. a4 Na5 12. Bc2 b4 13. Be3 c5 14. dxe5 dxe5 15.
Nbd2 bxc3 16. bxc3 Qc7 17. Rab1 Nd7 18. h3 Be6 19. Ng5 Bxg5 20. Bxg5 f6 21. Be3
Nb6 22. Nb3 Nb7 23. Ra1 Nc4 24. Bc1 Rfd8 25. Rb1 Rxd1+ 26. Qxd1 Rd8 27. Qe2 Qd7
28. Kh2 Bf7 29. f3 h6 30. Qf2 1/2-1/2

[Event "World Team Championship"]
[Site "Ningbo CHN"]
[Date "2011.07.21"]
[Round "5"]
[White "Eljanov, Pavel"]
[Black "Gashimov, Vugar"]
[Result "1/2-1/2"]
[WhiteElo "2697"]
[BlackElo "2760"]
[PlyCount "118"]
[EventDate "2011.07.17"]

1. d4 Nf6 2. c4 e6 3. Nf3 c5 4. d5 d6 5. Nc3 exd5 6. cxd5 g6 7. Bf4 a6 8. a4
Bg7 9. h3 O-O 10. e3 Ne8 11. Be2 Nd7 12. O-O h6 13. e4 Rb8 14. Bg3 Qe7 15. Re1
g5 16. a5 b5 17. axb6 Rxb6 18. Qc2 Ne5 19. Nd2 Nc7 20. Bxe5 Bxe5 21. Nc4 Rb4
22. Na2 Rb7 23. Nc1 Bg7 24. Nb3 Rb4 25. Nba5 Bd7 26. Bg4 Nb5 27. Bxd7 Nd4 28.
Nc6 Qxd7 29. Nxd4 Bxd4 30. Ra3 Ra8 31. Rf3 Qe7 32. b3 a5 33. e5 Bxe5 34. Nxe5
dxe5 35. Qf5 e4 36. h4 Rd8 37. hxg5 Qd7 38. gxh6 Qxf5 39. Rxf5 Rd6 40. h7+ Kxh7
41. Rxf7+ Kg6 42. Ra7 Rxd5 43. Rxa5 Kf5 44. Rc1 Rxb3 45. Raxc5 Rxc5 46. Rxc5+
Kf6 47. Kf1 e3 48. f4 Rb2 49. g3 Rf2+ 50. Kg1 Ra2 51. Re5 Re2 52. g4 Rf2 53.
Re4 Kg6 54. f5+ Kg5 55. Rxe3 Rf4 56. Rg3 Ra4 57. Rg2 Ra6 58. Kh2 Kf4 59. f6
Rxf6 1/2-1/2

[Event "World Team Championship"]
[Site "Ningbo CHN"]
[Date "2011.07.21"]
[Round "5"]
[White "Mamedyarov, Shakhriyar"]
[Black "Efimenko, Zahar"]
[Result "1/2-1/2"]
[WhiteElo "2765"]
[BlackElo "2706"]
[PlyCount "70"]
[EventDate "2011.07.17"]

1. d4 Nf6 2. c4 e6 3. Nc3 Bb4 4. Qc2 O-O 5. e4 d5 6. e5 Ne4 7. Bd3 c5 8. Nf3
cxd4 9. Nxd4 Nd7 10. Bf4 Qh4 11. g3 Qh5 12. O-O g5 13. cxd5 Bxc3 14. bxc3 exd5
15. Bxe4 dxe4 16. e6 gxf4 17. exd7 Bxd7 18. Qxe4 fxg3 19. fxg3 b6 20. Nf5 Rae8
21. Ne7+ Kg7 22. Qd4+ f6 23. Rae1 Bh3 24. Rf4 Rd8 25. Rh4 Qf3 26. Qe4 Qxe4 27.
Rexe4 Rd1+ 28. Kf2 Bd7 29. Rd4 Rxd4 30. Rxd4 Be6 31. c4 Re8 32. Nd5 Rc8 33. Nf4
Bxc4 34. Rd7+ Bf7 35. Rxa7 Rc2+ 1/2-1/2

[Event "44th Biel Chess Festival"]
[Site "Biel SUI"]
[Date "2011.07.22"]
[Round "4"]
[White "Carlsen, Magnus"]
[Black "Caruana, Fabiano"]
[Result "1-0"]
[WhiteElo "2821"]
[BlackElo "2711"]
[PlyCount "53"]
[EventDate "2011.07.18"]

1. e4 e5 2. Nf3 Nc6 3. d4 exd4 4. Nxd4 Bc5 5. Nxc6 bxc6 6. Bd3 Qh4 7. Qe2 Ne7
8. Nc3 O-O 9. Be3 Bb6 10. O-O d5 11. exd5 Nxd5 12. Bd2 Bd4 13. Rae1 Nb4 14. Qe4
Qxe4 15. Bxe4 Ba6 16. Ne2 Bc5 17. a3 Nd5 18. b4 Bd6 19. Nd4 Bxf1 20. Kxf1 Nb6
21. Nxc6 Rfe8 22. a4 Kf8 23. a5 Nc4 24. Bc1 a6 25. f4 Re6 26. Bd5 Rf6 27. Re4
1-0

[Event "44th Biel Chess Festival"]
[Site "Biel SUI"]
[Date "2011.07.22"]
[Round "4"]
[White "Shirov, Alexei"]
[Black "Vachier-Lagrave, Maxime"]
[Result "1/2-1/2"]
[WhiteElo "2714"]
[BlackElo "2722"]
[PlyCount "47"]
[EventDate "2011.07.18"]

1. e4 c5 2. Nf3 d6 3. d4 cxd4 4. Nxd4 Nf6 5. Nc3 a6 6. h3 e6 7. g4 d5 8. exd5
Nxd5 9. Nde2 Bb4 10. Bg2 O-O 11. O-O Nxc3 12. Nxc3 Qc7 13. Ne4 Nc6 14. c3 Be7
15. f4 f5 16. gxf5 Rxf5 17. Be3 Bd7 18. Qd3 Rd8 19. b4 Be8 20. Qc4 Bf7 21. Ng3
Rf6 22. Ne4 Rf5 23. Ng3 Rf6 24. Ne4 1/2-1/2

[Event "44th Biel Chess Festival"]
[Site "Biel SUI"]
[Date "2011.07.22"]
[Round "4"]
[White "Morozevich, Alexander"]
[Black "Pelletier, Yannick"]
[Result "1/2-1/2"]
[WhiteElo "2694"]
[BlackElo "2590"]
[PlyCount "61"]
[EventDate "2011.07.18"]

1. e4 e6 2. d4 d5 3. Nc3 dxe4 4. Nxe4 Nd7 5. Nf3 Ngf6 6. Nxf6+ Nxf6 7. g3 b6 8.
Bb5+ Bd7 9. a4 a6 10. Be2 Bc6 11. O-O Bd6 12. Ne5 Bxe5 13. dxe5 Qd5 14. Qxd5
Nxd5 15. a5 b5 16. Bd2 O-O-O 17. Rfd1 Rd7 18. f3 Rhd8 19. Kf2 Ne7 20. Bg5 Rxd1
21. Rxd1 Rxd1 22. Bxd1 Ng6 23. f4 h6 24. Bh4 Nxh4 25. gxh4 f5 26. Ke3 Be8 27.
Kd4 c6 28. Kc5 Kc7 29. Bf3 h5 30. c4 g6 31. b4 1/2-1/2

[Event "Lake Sevan 2011"]
[Site "?"]
[Date "2011.07.22"]
[Round "1"]
[White "Zhigalko, Sergei"]
[Black "Jobava, Baadur"]
[Result "1/2-1/2"]
[WhiteElo "2689"]
[BlackElo "2713"]
[PlyCount "74"]
[EventDate "2011.??.??"]

1. e4 c6 2. d4 d5 3. e5 Bf5 4. Nf3 e6 5. Be2 Bg6 6. O-O Ne7 7. Nbd2 Nf5 8. Nb3
Nd7 9. Bd2 Be7 10. g4 Nh4 11. Nxh4 Bxh4 12. f4 h6 13. f5 Bh7 14. Bd3 O-O 15.
Qf3 c5 16. Nxc5 Nxc5 17. dxc5 f6 18. fxe6 fxe5 19. Qxf8+ Qxf8 20. Rxf8+ Rxf8
21. Bxh7+ Kxh7 22. Be1 Be7 23. Bf2 Kg6 24. Rd1 d4 25. c3 Bxc5 26. b4 Bb6 27.
cxd4 Rf4 28. Re1 Rxg4+ 29. Kf1 Rf4 30. Kg2 Bxd4 31. Bxd4 Rxd4 32. Rxe5 Rd8 33.
Rc5 Rd2+ 34. Kf3 Kf6 35. Rc7 Kxe6 36. Rxb7 Rxa2 37. Rxg7 Rxh2 1/2-1/2

[Event "World Team Championship"]
[Site "Ningbo CHN"]
[Date "2011.07.23"]
[Round "6"]
[White "Karjakin, Sergey"]
[Black "Ivanchuk, Vassily"]
[Result "1/2-1/2"]
[WhiteElo "2788"]
[BlackElo "2768"]
[PlyCount "73"]
[EventDate "2011.07.17"]

1. e4 d6 2. d4 Nf6 3. Nc3 g6 4. f4 Bg7 5. Nf3 O-O 6. Bd3 Nbd7 7. O-O e5 8. dxe5
dxe5 9. f5 Nc5 10. Bg5 Nxd3 11. Qxd3 Qxd3 12. cxd3 c6 13. Rae1 Nd7 14. g4 b6
15. Rf2 Re8 16. Rd2 Bf8 17. Kg2 a5 18. d4 f6 19. Be3 exd4 20. Bxd4 b5 21. h3
Ra6 22. Red1 Be7 23. Bf2 Nb6 24. Ne2 Nc4 25. Rc2 Bf8 26. Ng3 c5 27. b3 Nd6 28.
Rxc5 Bb7 29. Rc7 Ba8 30. Bc5 b4 31. Rd7 Nxf5 32. Nxf5 Bxc5 33. Nh6+ Kh8 34.
Nf7+ Kg8 35. Nh6+ Kh8 36. Nf7+ Kg8 37. Nh6+ 1/2-1/2

[Event "World Team Championship"]
[Site "Ningbo CHN"]
[Date "2011.07.23"]
[Round "6"]
[White "Eljanov, Pavel"]
[Black "Grischuk, Alexander"]
[Result "1/2-1/2"]
[WhiteElo "2697"]
[BlackElo "2746"]
[PlyCount "59"]
[EventDate "2011.07.17"]

1. Nf3 c5 2. c4 Nc6 3. d4 cxd4 4. Nxd4 e6 5. Nc3 Nf6 6. Bf4 d5 7. e3 Bb4 8.
Nxc6 bxc6 9. Qa4 Qb6 10. Be2 Ne4 11. Rc1 O-O 12. cxd5 cxd5 13. O-O Nxc3 14.
bxc3 Bd6 15. Rb1 Qc7 16. Bxd6 Qxd6 17. Qa5 Qd8 18. Qc5 Bd7 19. Rb7 a6 20. c4
Rc8 21. Qd6 Bc6 22. Qxd8 Rfxd8 23. Ra7 dxc4 24. Bxc4 Bb5 25. Bxb5 axb5 26. Rb7
Rc5 27. h4 g6 28. Rb1 Rd2 29. R7xb5 Rxb5 30. Rxb5 1/2-1/2

[Event "World Team Championship"]
[Site "Ningbo CHN"]
[Date "2011.07.23"]
[Round "6"]
[White "Nepomniachtchi, Ian"]
[Black "Efimenko, Zahar"]
[Result "1/2-1/2"]
[WhiteElo "2711"]
[BlackElo "2706"]
[PlyCount "118"]
[EventDate "2011.07.17"]

1. c4 Nf6 2. Nc3 e5 3. Nf3 Nc6 4. g3 Bb4 5. Bg2 O-O 6. O-O Re8 7. Nd5 e4 8. Nh4
d6 9. f3 Nxd5 10. cxd5 exf3 11. Nxf3 Ne5 12. Qc2 Bc5+ 13. e3 Bb6 14. b3 Bg4 15.
Bb2 Nxf3+ 16. Bxf3 Bxf3 17. Rxf3 Qg5 18. Raf1 f6 19. Qc4 Rf8 20. Rf4 Rae8 21.
Rg4 Qh6 22. Rf5 a5 23. Kg2 Rf7 24. Rh4 Qg6 25. Qf4 Re5 26. Rhh5 Rxf5 27. Rxf5
Re7 28. g4 Qe8 29. g5 fxg5 30. Rxg5 Rf7 31. Qg4 Qd7 32. Qxd7 Rxd7 33. Bc3 Rf7
34. Rg4 Kf8 35. b4 axb4 36. Rxb4 Ke8 37. a4 Kd7 38. Rb2 Kc8 39. d4 g6 40. h3
Rf5 41. a5 Ba7 42. e4 Rf4 43. Re2 Kd7 44. Bd2 Rf8 45. Be3 Re8 46. Bf2 b6 47. a6
b5 48. Rb2 Rxe4 49. Kf3 Re8 50. Rxb5 Bb6 51. Rb3 Kc8 52. Be3 Kb8 53. Ra3 Ka7
54. h4 Rf8+ 55. Ke4 Rf1 56. Ra4 Rh1 57. Bf2 Rf1 58. Be3 Rh1 59. Bf2 Rf1 1/2-1/2

[Event "World Team Championship"]
[Site "Ningbo CHN"]
[Date "2011.07.23"]
[Round "6"]
[White "Moiseenko, Alexander"]
[Black "Vitiugov, Nikita"]
[Result "1/2-1/2"]
[WhiteElo "2715"]
[BlackElo "2733"]
[PlyCount "125"]
[EventDate "2011.07.17"]

1. d4 Nf6 2. c4 e6 3. Nf3 Bb4+ 4. Nbd2 O-O 5. a3 Be7 6. b4 a5 7. b5 c5 8. bxc6
bxc6 9. c5 d6 10. cxd6 Qxd6 11. e4 Qc7 12. Bb2 c5 13. dxc5 Bxc5 14. Bxf6 gxf6
15. Bc4 Bb7 16. O-O Rd8 17. Qe2 Nc6 18. Rfc1 Qe7 19. a4 Nd4 20. Nxd4 Rxd4 21.
Bd3 Bb4 22. Nf3 Rd7 23. h3 Rad8 24. Ba6 Ba8 25. Qe3 Rd6 26. Bb5 Qb7 27. Rc4 Qb8
28. Rf1 Rd1 29. Rc1 Rxf1+ 30. Bxf1 Rc8 31. Rd1 Bc5 32. Qh6 Qg3 33. Qxf6 Qxf2+
34. Kh1 Bxe4 35. Bc4 Re8 36. Qg5+ Bg6 37. Re1 Bb4 38. Rf1 Qc5 39. Ne5 Bc3 40.
Bb5 Rf8 41. Nxf7 Qxg5 42. Nxg5 Rxf1+ 43. Bxf1 e5 44. Bc4+ Kf8 45. Bd5 Ke7 46.
Ne4 Bd4 47. Bc6 Bf7 48. g4 Bb3 49. Kg2 Bd1 50. Bb5 h5 51. gxh5 Bxh5 52. h4 Bg6
53. Kf3 Bh5+ 54. Kg2 Bd1 55. Kg3 Kf7 56. Bd7 Bc2 57. Kf3 Bd1+ 58. Kg3 Kg6 59.
Bc6 Kf5 60. Nd6+ Ke6 61. Ne4 Bc2 62. Kg4 Bxe4 63. Bxe4 1/2-1/2

[Event "World Team Championship"]
[Site "Ningbo CHN"]
[Date "2011.07.23"]
[Round "6"]
[White "Sutovsky, Emil"]
[Black "Radjabov, Teimour"]
[Result "0-1"]
[WhiteElo "2700"]
[BlackElo "2744"]
[PlyCount "78"]
[EventDate "2011.07.17"]

1. e4 c5 2. Nf3 Nc6 3. Bb5 d6 4. O-O Bd7 5. Re1 Nf6 6. c3 a6 7. Ba4 b5 8. Bc2
Bg4 9. a4 g6 10. axb5 axb5 11. Rxa8 Qxa8 12. h3 Bxf3 13. Qxf3 Bg7 14. e5 dxe5
15. Rxe5 Nd7 16. Re1 O-O 17. Be4 Rc8 18. Bxc6 Rxc6 19. d4 cxd4 20. Rxe7 Ne5 21.
Qf4 dxc3 22. Nxc3 b4 23. Qxb4 Bf8 24. Bh6 Bxe7 25. Qxe7 Re6 26. Qc5 Qb8 27. Qd4
Qb6 28. Qd5 Nc6 29. Qd2 Qd4 30. Qc1 Qe5 31. Be3 Nd4 32. Qf1 Nf5 33. Bd2 Qd4 34.
Qc1 h5 35. Nb5 Qd7 36. Nc3 Qd3 37. Bg5 Kh7 38. Qf4 Re1+ 39. Kh2 Qf1 0-1

[Event "World Team Championship"]
[Site "Ningbo CHN"]
[Date "2011.07.23"]
[Round "6"]
[White "Gashimov, Vugar"]
[Black "Smirin, Ilya"]
[Result "1/2-1/2"]
[WhiteElo "2760"]
[BlackElo "2676"]
[PlyCount "125"]
[EventDate "2011.07.17"]

1. e4 c5 2. Nf3 e6 3. d4 cxd4 4. Nxd4 a6 5. Nc3 Qc7 6. Bd3 Nf6 7. Qe2 Bd6 8.
Nf3 Nc6 9. O-O O-O 10. h3 Ne5 11. Nxe5 Bxe5 12. Bd2 b5 13. f4 Bd4+ 14. Kh1 d6
15. a4 b4 16. Nd1 Rb8 17. a5 d5 18. e5 Ne4 19. Bxe4 dxe4 20. Be3 Qc5 21. Bxd4
Qxd4 22. Qe3 Qc4 23. Rf2 b3 24. c3 Rd8 25. Rd2 Bb7 26. Rxd8+ Rxd8 27. Nf2 h6
28. Kh2 Bc6 29. h4 Rd5 30. Kg1 Qc5 31. Qxc5 Rxc5 32. Kf1 e3 33. Nd3 Bb5 34. Ke2
Rd5 35. Rd1 g5 36. hxg5 hxg5 37. g3 gxf4 38. gxf4 Bxd3+ 39. Rxd3 Rxa5 40. Kxe3
Ra2 41. Rd2 a5 42. Kd4 Ra1 43. Kc4 a4 44. Kb4 Kg7 45. c4 Kg6 46. c5 Kf5 47. Rd4
Rb1 48. Kxa4 Rxb2 49. Rb4 Rc2 50. Kb5 b2 51. c6 f6 52. exf6 Kxf6 53. Kb6 e5 54.
fxe5+ Kxe5 55. Kb7 Kd6 56. Rb6 Kd5 57. c7 Kd4 58. Rb3 Kc4 59. Rxb2 Rxb2+ 60.
Kc6 Kd3 61. c8=R Rc2+ 62. Kd7 Rxc8 63. Kxc8 1/2-1/2

[Event "World Team Championship"]
[Site "Ningbo CHN"]
[Date "2011.07.23"]
[Round "6"]
[White "Mamedyarov, Shakhriyar"]
[Black "Nabaty, Tamir"]
[Result "1/2-1/2"]
[WhiteElo "2765"]
[BlackElo "2584"]
[PlyCount "114"]
[EventDate "2011.07.17"]

1. e4 e5 2. Nf3 Nf6 3. Nxe5 d6 4. Nf3 Nxe4 5. Nc3 Nxc3 6. dxc3 Be7 7. Be3 O-O
8. Qd2 c5 9. h4 Nd7 10. Ng5 Nf6 11. f3 d5 12. g4 Qa5 13. Kf2 Rd8 14. Re1 Bf8
15. Bf4 b5 16. Be5 Qb6 17. Qf4 Bd6 18. Kg3 c4 19. Bg2 Rd7 20. Bxd6 Qxd6 21.
Qxd6 Rxd6 22. Re7 Rd7 23. Rhe1 Rxe7 24. Rxe7 Bd7 25. f4 h6 26. Rxf7 Rd8 27. Re7
hxg5 28. hxg5 Ne4+ 29. Bxe4 dxe4 30. f5 Kf8 31. Rxe4 Bc6 32. Rd4 Re8 33. Rd6
Be4 34. Rd2 g6 35. Kf4 a5 36. b3 Bc6 37. Rd4 cxb3 38. cxb3 Re2 39. a3 Be8 40.
c4 bxc4 41. Rxc4 Ra2 42. a4 Rb2 43. Rc3 Bf7 44. Rc8+ Kg7 45. f6+ Kh7 46. Rf8
Bxb3 47. Rb8 Rb1 48. Rb7+ Kg8 49. Rg7+ Kf8 50. Rxg6 Bc2 51. Rg7 Rb4+ 52. Kg3
Bd1 53. g6 Rxg4+ 54. Kh3 Bf3 55. Rf7+ Kg8 56. Rg7+ Kf8 57. Rf7+ Kg8 1/2-1/2

[Event "World Team Championship"]
[Site "Ningbo CHN"]
[Date "2011.07.23"]
[Round "6"]
[White "Kamsky, Gata"]
[Black "Leko, Peter"]
[Result "1/2-1/2"]
[WhiteElo "2741"]
[BlackElo "2717"]
[PlyCount "61"]
[EventDate "2011.07.17"]

1. d4 Nf6 2. c4 e6 3. g3 d5 4. Nf3 Bb4+ 5. Bd2 Be7 6. Bg2 c6 7. Qc2 Nbd7 8. O-O
b6 9. Rd1 O-O 10. Bf4 Bb7 11. Nc3 dxc4 12. Nd2 Nd5 13. Nxc4 Nxf4 14. gxf4 Qc7
15. e3 Rad8 16. Qe2 Nf6 17. Ne5 c5 18. Rac1 Qb8 19. dxc5 Bxc5 20. Bxb7 Qxb7 21.
Qf3 Qxf3 22. Nxf3 Rxd1+ 23. Rxd1 Rc8 24. Ne5 Kf8 25. Nb5 a6 26. Na7 Ra8 27.
Nac6 Ke8 28. Rc1 Nd5 29. Nd3 Bd6 30. Nd4 Ne7 31. Kg2 1/2-1/2

[Event "World Team Championship"]
[Site "Ningbo CHN"]
[Date "2011.07.23"]
[Round "6"]
[White "Seirawan, Yasser"]
[Black "Polgar, Judit"]
[Result "1-0"]
[WhiteElo "2635"]
[BlackElo "2699"]
[PlyCount "87"]
[EventDate "2011.07.17"]

1. d4 Nf6 2. c4 e6 3. Nc3 Bb4 4. Qc2 O-O 5. a3 Bxc3+ 6. Qxc3 d6 7. Bg5 Nbd7 8.
e3 b6 9. Ne2 Ba6 10. Qc2 c5 11. dxc5 bxc5 12. Nc3 Qb6 13. O-O-O Bb7 14. e4 Rab8
15. Rd2 Rfc8 16. Be2 Ne8 17. f4 Nf8 18. Rhd1 f6 19. Bh4 Ng6 20. g3 Rd8 21. Bg4
e5 22. Be6+ Kf8 23. f5 Ne7 24. g4 h6 25. Bf2 Nc6 26. Nd5 Qa5 27. h4 Nd4 28.
Bxd4 cxd4 29. g5 Bxd5 30. exd5 hxg5 31. hxg5 fxg5 32. f6 Rxb2 33. Kxb2 Nxf6 34.
Ka2 Qc7 35. Rg2 Rc8 36. Bxc8 Qxc8 37. Rxg5 Nxd5 38. Qf5+ Qxf5 39. Rxf5+ Nf6 40.
c5 Ke7 41. c6 Nd5 42. Rg1 d3 43. Kb3 Ke6 44. Rfg5 1-0